Материалы по лоции Южно-Таймырского водного пути (Запись № 7523670)

Подробности
000 -МАРКЕР
контрольное поле 01778nam0a22003371 4500
001 - ИДЕНТИФИКАТОР ЗАПИСИ
контрольное поле rc\2802622
005 - ИДЕНТИФИКАТОР ВЕРСИИ
контрольное поле 20260531082559.0
035 ## - ДРУГИЕ СИСТЕМНЫЕ НОМЕРА
Идентификатор записи (NLR Aleph) 006928635
100 ## - ДАННЫЕ ОБЩЕЙ ОБРАБОТКИ
Данные общей обработки 20110915d1936 |||y0rusy50 ca
101 0# - ЯЗЫК РЕСУРСА
Язык текста, звукозаписи и т.д. русский
102 ## - СТРАНА ПУБЛИКАЦИИ ИЛИ ПРОИЗВОДСТВА
Страна публикации Российская Федерация
105 ## - ПОЛЕ КОДИРОВАННЫХ ДАННЫХ: ТЕКСТОВЫЕ МАТЕРИАЛЫ, МОНОГРАФИЧЕСКИЕ
Кодированные данные о монографическом текстовом документе a z ||0z|
200 1# - ЗАГЛАВИЕ И СВЕДЕНИЯ ОБ ОТВЕТСТВЕННОСТИ
Основное заглавие Материалы по лоции Южно-Таймырского водного пути
Первые сведения об ответственности Гидрогр. упр. Главсевморпути при СНК СССР
210 ## - ПУБЛИКАЦИЯ, РАСПРОСТРАНЕНИЕ И ДР.
Место издания, распространения и т.д. Ленинград
Имя издателя, распространителя и т. д. Изд-во Главсевморпути
Дата издания, распространения и т.д. 1936
Имя изготовителя тип. "Коминтерн"
215 ## - ФИЗИЧЕСКАЯ ХАРАКТЕРИСТИКА
Специфическое обозначение материала и объем Обл., 117, [2] с.
Другие сведения о физической характеристике ил.
Размеры 26х18
300 ## - ОБЩИЕ ПРИМЕЧАНИЯ
Текст примечания Из предисл.: "Сост.: Д. А. Богдановым, К. А. Фрейманом и Ю. М. Петранди"
607 ## - ГЕОГРАФИЧЕСКОЕ НАИМЕНОВАНИЕ КАК ПРЕДМЕТ
Географическое наименование Южно-Таймырский водный путь
Тематический подзаголовок Лоция
Системный номер авторитетной/нормативной записи 2019719
Идентификатор авторитетной/нормативной записи RU\NLR\AUTH\661214261
617 ## - ИЕРАРХИЧЕСКОЕ ГЕОГРАФИЧЕСКОЕ НАЗВАНИЕ, ИСПОЛЬЗУЕМОЕ КАК ПРЕДМЕТ
Страна
Другие географические объекты Азиатская часть
-- Север
-- Таймыр, полуостров
686 ## - ИНДЕКСЫ ДРУГИХ КЛАССИФИКАЦИЙ
Индекс О471.12,1(91)
702 #1 - ИМЯ ЛИЦА - ВТОРИЧНАЯ ОТВЕТСТВЕННОСТЬ
Код отношения Составитель
Начальный элемент ввода Фрейман
Часть имени, кроме начального элемента ввода К. А.
Дополнения к именам, кроме дат гидрограф
Системный номер авторитетной/нормативной записи 137651
Идентификатор авторитетной/нормативной записи RU\NLR\AUTH\770137686
702 #1 - ИМЯ ЛИЦА - ВТОРИЧНАЯ ОТВЕТСТВЕННОСТЬ
Код отношения Составитель
Начальный элемент ввода Петранди
Часть имени, кроме начального элемента ввода Ю. М.
Дополнения к именам, кроме дат гидрограф
Даты 1892-1938
Расширение инициалов личного имени Юрий Михайлович
Системный номер авторитетной/нормативной записи 137649
Идентификатор авторитетной/нормативной записи RU\NLR\AUTH\770137684
702 #1 - ИМЯ ЛИЦА - ВТОРИЧНАЯ ОТВЕТСТВЕННОСТЬ
Код отношения Составитель
Начальный элемент ввода Богданов
Часть имени, кроме начального элемента ввода Д. А.
Дополнения к именам, кроме дат гидрограф
Расширение инициалов личного имени Дмитрий Александрович
Системный номер авторитетной/нормативной записи 137650
Идентификатор авторитетной/нормативной записи RU\NLR\AUTH\770137685
712 01 - НАИМЕНОВАНИЕ ОРГАНИЗАЦИИ - ВТОРИЧНАЯ ОТВЕТСТВЕННОСТЬ
Код отношения Прочие
Начальный элемент ввода СССР
Структурное подразделение Главное управление Северного морского пути
-- Гидрографическое управление
Системный номер авторитетной/нормативной записи 515927
Идентификатор авторитетной/нормативной записи RU\NLR\AUTH\8810009104
801 #0 - ИСТОЧНИК ЗАПИСИ
Страна Российская Федерация
Организация NLR
Правила каталогизации psbo
801 #1 - ИСТОЧНИК ЗАПИСИ
Страна Российская Федерация
Организация ELAR
Источник данных rusmarc
801 #2 - ИСТОЧНИК ЗАПИСИ
Страна Российская Федерация
Организация NLR
Дата составления 20140924
Источник данных rusmarc
852 ## - МЕСТОНАХОЖДЕНИЕ И ШИФР ХРАНЕНИЯ
Идентификатор организации NLR
Шифр хранения (Call Number) 36-5/14
942 ## - ДОПОЛНИТЕЛЬНЫЕ ЭЛЕМЕНТЫ ЗАПИСИ (АБИС)
Тип экземпляра АБИС Книга
980 ## - КОЛЛЕКЦИЯ
Название коллекции Национальная библиография
Экземпляры
Тип экземпляра Дата поступления Библиотека постоянного хранения Библиотека текущего хранения Место хранения Шифр хранения Штрих-код Статус экземпляра
Книга 26.10.2013 РНБ (Садовая) РНБ (Садовая) Русский книжный фонд -Главное здание, Ленинский читальный зал 36-5/14 6928635-10